000 01056nam a2200253 a 4500
001 000045747
005 20250502073820.0
008 110328s1982 dr ac 001 0 spa d
040 _aDO-SdBNP
_bspa
_cBNPHU
082 _a302.2
_bC749a
111 1 _aCongreso Latinoamericano sobre Aspectos Administrativos de la Informática
_n(2º :
_d1979: 5-6 de abril
_cSanto Domingo, República Dominicana)
_973812
245 1 0 _aAspectos administrativos de la informática.
250 _a2a. ed.
260 _aSanto Domingo :
_bONAP,
_c1982.
300 _a184 p. :
_bil., retrs. ;
_c22 cm.
490 1 _aONAP
_aSeminario
_v1
650 4 _aInformática
_xAdministración
_xCongresos, conferencias, etc.
_954109
650 4 _aPolítica de información
_xCongresos, conferencias, etc.
_954110
650 4 _aInformática
_xAspectos sociales
_xCongresos, conferencias, etc.
_954111
710 1 2 _aRepública Dominicana.
_bOficina Nacional de Administración y Personal
_926398
710 2 _aGobierno del Ecuador
_973813
830 0 _aONAP
_pSeminario
_n1
_973814
049 _aBNPD
999 _c45236
_d45236